[Event "GRE-ch U16"]
[Site "Peristeri"]
[Date "2023.07.05"]
[Round "4"]
[White "Paraschou, Iason"]
[Black "Gkoritsas, Angelos"]
[Result "1-0"]
[WhiteElo "1534"]
[BlackElo "1349"]
[PlyCount "39"]
[EventDate "2023.07.03"]
[EventType "swiss"]
[EventRounds "9"]
[EventCountry "GRE"]
[SourceTitle "EXT 2024"]
[Source "ChessBase"]
[SourceDate "2023.10.10"]
[SourceVersion "1"]
[SourceVersionDate "2023.10.10"]
[SourceQuality "1"]

1. e4 c5 2. Nf3 d6 3. d4 cxd4 4. Nxd4 Nf6 5. Nc3 a6 6. Be3 e5 7. Nb3 Be6 8. Qd2 Nbd7 9. f3 h5 10. 0-0-0 b5 11. Kb1 Nb6 12. f4 b4 13. Ne2 Nxe4 14. Qe1 Nc4 15. Bg1 Qb8 16. Ned4 d5 17. Nxe6 fxe6 18. Bxc4 dxc4 19. Qxe4 cxb3 20. Qg6+ 1-0

[Event "GRE-ch U14"]
[Site "Patras"]
[Date "2021.09.05"]
[Round "9"]
[White "Bantekas, Achilleas"]
[Black "Gkoritsas, Angelos"]
[Result "0-1"]
[WhiteElo "1357"]
[BlackElo "1251"]
[PlyCount "98"]
[EventDate "2021.08.30"]
[EventType "swiss"]
[EventRounds "9"]
[EventCountry "GRE"]
[SourceTitle "EXT 2022"]
[Source "ChessBase"]
[SourceDate "2021.10.06"]
[SourceVersion "1"]
[SourceVersionDate "2021.10.06"]
[SourceQuality "1"]

1. c4 c5 2. Nc3 Nc6 3. g3 Nf6 4. Bg2 e6 5. Nf3 Be7 6. 0-0 0-0 7. d3 d5 8. cxd5 exd5 9. Bg5 h6 10. Bxf6 Bxf6 11. Rc1 b6 12. b3 Be6 13. e3 Rc8 14. d4 cxd4 15. Nxd4 Nxd4 16. exd4 Qd7 17. Qf3 Bg5 18. Ra1 Bg4 19. Qd3 Rfe8 20. Rfe1 Rxe1+ 21. Rxe1 Bf5 22. Qf3 Bd2 23. Re5 Bg4 24. Rxd5 Bxf3 25. Rxd7 Rxc3 26. Bxf3 Rxf3 27. Rxa7 Be1 28. Rb7 Bxf2+ 29. Kg2 Rf6 30. d5 Bc5 31. Rd7 Rd6 32. Rxd6 Bxd6 33. Kf3 Kf8 34. Ke4 Ke7 35. a4 Bb4 36. Kd3 Kd6 37. Kc4 Bc5 38. b4 Bg1 39. h3 Bf2 40. g4 g6 41. a5 bxa5 42. bxa5 f6 43. a6 g5 44. Kd3 Kxd5 45. Ke2 Ba7 46. Kd3 Bd4 47. Ke2 Ke4 48. Kf1 Kf3 49. a7 Bxa7 0-1

[Event "GRE-ch South U12"]
[Site "Athens"]
[Date "2020.09.02"]
[Round "8"]
[White "Gkoritsas, Angelos"]
[Black "Kassios, Dimitrios"]
[Result "1/2-1/2"]
[WhiteElo "1208"]
[BlackElo "1474"]
[PlyCount "74"]
[EventDate "2020.08.28"]
[EventType "swiss"]
[EventRounds "9"]
[EventCountry "GRE"]
[SourceTitle "EXT 2023"]
[Source "ChessBase"]
[SourceDate "2022.10.05"]
[SourceVersion "1"]
[SourceVersionDate "2022.10.05"]
[SourceQuality "1"]

1. d4 Nf6 2. Nf3 d5 3. g3 e6 4. Bg2 c5 5. c4 Nc6 6. cxd5 exd5 7. 0-0 Bg4 8. Ne5 Be6 9. Bg5 cxd4 10. Nxc6 bxc6 11. Qxd4 Be7 12. Nc3 0-0 13. Rac1 h6 14. Bxf6 Bxf6 15. Qc5 Qb6 16. Na4 Qa6 17. Qxc6 Qxe2 18. Rfe1 Qg4 19. b3 Rac8 20. Qa6 Rxc1 21. Rxc1 Qd4 22. Qe2 Rd8 23. Qd1 Qxd1+ 24. Rxd1 Bg4 25. Rxd5 Rxd5 26. Bxd5 Bd4 27. b4 Bd7 28. Nc5 Bb5 29. a4 Be2 30. Nb3 Bc3 31. b5 Kf8 32. f4 Ke7 33. Kf2 Bd1 34. Ke3 Bxb3 35. Bxb3 f6 36. Ke4 Kd6 37. Kf5 Ke7 1/2-1/2

[Event "GRE-ch South U12"]
[Site "Athens"]
[Date "2020.08.29"]
[Round "3"]
[White "Agiakatsikas, Konstantinos"]
[Black "Gkoritsas, Angelos"]
[Result "0-1"]
[WhiteElo "1004"]
[BlackElo "1208"]
[PlyCount "156"]
[EventDate "2020.08.28"]
[EventType "swiss"]
[EventRounds "9"]
[EventCountry "GRE"]
[SourceTitle "EXT 2023"]
[Source "ChessBase"]
[SourceDate "2022.10.05"]
[SourceVersion "1"]
[SourceVersionDate "2022.10.05"]
[SourceQuality "1"]

1. e4 c5 2. Nf3 e6 3. d4 cxd4 4. Nxd4 Nc6 5. Nc3 Qc7 6. g3 a6 7. Bg2 Nge7 8. 0-0 Nxd4 9. Qxd4 Nc6 10. Qd3 Be7 11. Bf4 d6 12. Rad1 Ne5 13. Bxe5 dxe5 14. f4 0-0 15. Kh1 Rd8 16. Qf3 exf4 17. Rxd8+ Bxd8 18. Qxf4 Qxf4 19. gxf4 Kf8 20. Rd1 Ke7 21. e5 Bc7 22. Na4 Rb8 23. Rd3 b5 24. Nc5 Bb6 25. Ne4 Bb7 26. Ra3 Rc8 27. c3 a5 28. Rb3 Ba6 29. Nd6 Rc5 30. Bb7 Bxb7+ 31. Nxb7 Rd5 32. c4 Rd1+ 33. Kg2 Rd2+ 34. Kf1 b4 35. c5 Ba7 36. h3 Kd7 37. Ke1 Rh2 38. Nxa5 Bxc5 39. Nb7 Be7 40. a3 bxa3 41. bxa3 Rh1+ 42. Kd2 Ra1 43. Nd6 Bxd6 44. exd6 Kxd6 45. Kc3 Rf1 46. Rb4 Rf3+ 47. Kb2 Rxh3 48. a4 Rh5 49. Rb7 Rf5 50. a5 Kc6 51. Rb4 Rxa5 52. Rc4+ Rc5 53. Rd4 Rd5 54. Re4 Kd6 55. Kc3 Ke7 56. Re2 Kf6 57. Rf2 Rf5 58. Kd4 Ra5 59. Ke4 Ra4+ 60. Ke3 Kf5 61. Rf1 Re4+ 62. Kd3 Rxf4 63. Rh1 h6 64. Rg1 g5 65. Ke3 e5 66. Rc1 g4 67. Rc7 f6 68. Rh7 Kg6 69. Rh8 Kg7 70. Rc8 g3 71. Rc2 h5 72. Rg2 h4 73. Rg1 Kg6 74. Rg2 Kg5 75. Rg1 Kg4 76. Rg2 h3 77. Rg1 h2 78. Rh1 g2 0-1

[Event "GRE-ch South U12"]
[Site "Athens"]
[Date "2020.08.28"]
[Round "1"]
[White "Hartofylakas, Spyros"]
[Black "Gkoritsas, Angelos"]
[Result "1-0"]
[WhiteElo "1842"]
[BlackElo "1208"]
[PlyCount "63"]
[EventDate "2020.08.28"]
[EventType "swiss"]
[EventRounds "9"]
[EventCountry "GRE"]
[SourceTitle "EXT 2023"]
[Source "ChessBase"]
[SourceDate "2022.10.05"]
[SourceVersion "1"]
[SourceVersionDate "2022.10.05"]
[SourceQuality "1"]

1. e4 c5 2. Nf3 e6 3. d4 cxd4 4. Nxd4 Nc6 5. Nc3 Qc7 6. f4 Nxd4 7. Qxd4 b6 8. Be3 Bb7 9. Be2 Nf6 10. Bf3 Bc5 11. Qd3 Bb4 12. Bd2 Bxc3 13. Bxc3 Qxf4 14. g3 Qg5 15. Rd1 Rd8 16. 0-0 Qc5+ 17. Bd4 Qe7 18. Bxf6 gxf6 19. c4 Rg8 20. a3 Qc5+ 21. Kh1 f5 22. exf5 Bxf3+ 23. Rxf3 Qc6 24. fxe6 fxe6 25. Kg1 Rf8 26. Rxf8+ Kxf8 27. b4 d5 28. Qxh7 Qxc4 29. Rf1+ Qxf1+ 30. Kxf1 d4 31. Ke2 d3+ 32. Kd2 1-0